Importancia de la cultura mapuche: lo que la historia calla

-д хадгалсан:
Номзүйн дэлгэрэнгүй
Үндсэн зохиолч: San Martín, Sergio (Зохиогч)
Формат: Ном
Хэл сонгох:испани
Хэвлэсэн: Santiago LOM 1997
Хэвлэл:2a. ed
Нөхцлүүд:
Шошгууд: Шошго нэмэх
Шошго байхгүй, Энэхүү баримтыг шошголох эхний хүн болох!

MARC

LEADER 00000nam a2200000 a 4500
001 UCR8154
003 CL-VaPUC
008 980520e19970000CL |||||||||||||||||spa|d
082 0 4 |a 983  |b SAN  |2 21 
100 0 |a San Martín, Sergio  |e author  |9 409851 
245 1 0 |a Importancia de la cultura mapuche: lo que la historia calla 
250 |a 2a. ed 
300 |a 260 p 
942 |c BK 
945 |d 19980520 00:00:00  |a mvenant 
260 |a Santiago  |b LOM  |c 1997 
650 0 |a Araucanos  |9 314060 
650 0 |a Historia  |9 255047 
650 0 |a Culturas indígenas  |9 266389 
650 0 |a Esclavitud  |9 323605 
650 0 |a Agricultura  |9 255598 
650 0 |a Guerra  |9 255876 
650 0 |a Cultura  |9 269059 
651 7 |a CHILE  |2 CL-VaPUC  |9 409852 
583 |a last modification  |c 19980520 00:00:00  |k Rodrigo Vera 
999 |c 269705  |d 269703 
952 |0 0  |1 0  |4 0  |6 983_000000000000000_SAN_1997  |7 0  |8 A  |9 303571  |a BIBEDU  |b BIBEDU  |d 2019-11-20  |i 3428494  |o 983 SAN 1997  |p 3428494  |r 2019-11-20  |w 2019-11-20  |y BK  |k EPE